LEADER 02576nam 2200625 a 450 001 9910459563103321 005 20200520144314.0 010 $a1-283-09885-7 010 $a9786613098856 010 $a0-7391-5055-3 035 $a(CKB)2670000000083839 035 $a(EBL)689576 035 $a(OCoLC)727975881 035 $a(SSID)ssj0000523140 035 $a(PQKBManifestationID)12183819 035 $a(PQKBTitleCode)TC0000523140 035 $a(PQKBWorkID)10539536 035 $a(PQKB)10301796 035 $a(MiAaPQ)EBC689576 035 $a(Au-PeEL)EBL689576 035 $a(CaPaEBR)ebr10468550 035 $a(CaONFJC)MIL309885 035 $a(EXLCZ)992670000000083839 100 $a20110202d2011 uy 0 101 0 $aeng 135 $aur|n|---||||| 181 $ctxt 182 $cc 183 $acr 200 14$aThe hidden life of the Sixth Dalai Lama$b[electronic resource] /$fNgawang Lhundrup Dargye? ; translated by Simon Wickham-Smith ; foreword by Kurtis R. Schaeffer 210 $aLanham, Md. $cLexington Books$d2011 215 $a1 online resource (171 p.) 225 1 $aStudies in modern Tibetan culture 300 $aDescription based upon print version of record. 311 $a0-7391-5054-5 311 $a0-7391-5053-7 320 $aIncludes bibliographical references and index. 327 $apt. 1. His birth, ordination and enthronement -- pt. 2. The activity and practice which he carried out to benefit all -- pt. 3. His journey to Dome? and how he taught those needing instruction -- pt. 4. The legacy he left for his students. 330 $aThis is the first English translation of a Dalai Lama's biography, and is highly significant for the historical study of the Gaden Phodrang period, around the turn of the seventeenth century. It is not only a biography, but a historical narrative of a legendary character, and illustrates the nature and understanding of Tibetan hagiographical and mystical literature within a sociopolitical context. 410 0$aStudies in modern Tibetan culture. 606 $aDalai lamas$vBiography 608 $aElectronic books. 615 0$aDalai lamas 676 $a294.3/923092 676 $aB 700 $aLhun-grub-dar-rgyas$cDar-rgyas No-mon-han,$f18th cent.$01051242 701 $aWickham-Smith$b Simon$01051243 701 $aSchaeffer$b Kurtis R$0783512 801 0$bMiAaPQ 801 1$bMiAaPQ 801 2$bMiAaPQ 906 $aBOOK 912 $a9910459563103321 996 $aThe hidden life of the Sixth Dalai Lama$92481609 997 $aUNINA LEADER 01676nam 2200337Ia 450 001 996396838703316 005 20200818211630.0 035 $a(CKB)4940000000057938 035 $a(EEBO)2248575621 035 $a(OCoLC)ocm12638888e 035 $a(OCoLC)12638888 035 $a(EXLCZ)994940000000057938 100 $a19851005d1690 uy | 101 0 $aeng 135 $aurbn||||a|bb| 200 14$aThe common accidence examined and explained by short questions and answers according to the very words of the book$b[electronic resource] $econducing very much to the ease of the teacher, and the benefit of the learner : being helpful to the better understanding of the rudiments and grounds of grammar, delivered in that and the like introductions to the Latin tongue /$fwritten heretofore, and made use of in Rotheram School, and now published for the profit of young beginners in that and other schools by Charles Hoole .. 210 $aLondon $cPrinted by M.C. for John Clark ...$d1690 215 $a[2], 153, [20] p 300 $a"The examples of the English rules grammatically construed" (p. 135-153) has special t.p. 300 $aReproduction of original in the University of Illinois (Urbana-Champaign Campus). Library. 330 $aeebo-0167 606 $aLatin language$xGrammar$vEarly works to 1800 615 0$aLatin language$xGrammar 700 $aHoole$b Charles$f1610-1667.$0793350 801 0$bEAH 801 1$bEAH 801 2$bWaOLN 906 $aBOOK 912 $a996396838703316 996 $aThe common accidence examined and explained by short questions and answers according to the very words of the book$92329406 997 $aUNISA LEADER 04290oas 2201273 a 450 001 9910626140703321 005 20260127110857.0 011 $a1557-9972 035 $a(DE-599)ZDB2070854-3 035 $a(OCoLC)44466312 035 $a(CONSER) 2005215203 035 $a(CKB)954925625322 035 $a(DE-599)2070854-3 035 $a(EXLCZ)99954925625322 100 $a20000623b19992010 sy a 101 0 $aeng 135 $aurcn||||||||| 181 $ctxt$2rdacontent 182 $cc$2rdamedia 183 $acr$2rdacarrier 200 10$aIEEE transactions on components and packaging technologies $ea publication of the IEEE Components, Packaging, and Manufacturing Technology Society 210 $aNew York, NY $cInstitute of Electrical and Electronics Engineers$dİ1999-2010 300 $aRefereed/Peer-reviewed 300 $aTitle from IEEExplore homepage (viewed June 23, 2000). 311 08$a1521-3331 517 3 $aTransactions on components and packaging technologies 517 3 $aComponents and packaging technologies 517 3 $aInstitute of Electrical and Electronics Engineers transactions on components and packaging technologies 517 1 $aComponents and packaging technologies, IEEE transactions on 531 0 $aIEEE trans. compon. packag. technol. 606 $aElectronic apparatus and appliances$vPeriodicals 606 $aElectric apparatus and appliances$vPeriodicals 606 $aElectronic industries$vPeriodicals 606 $aElectric industries$vPeriodicals 606 $aAppareils e?lectroniques$xPe?riodiques 606 $aAppareils e?lectriques$xPe?riodiques 606 $aIndustries e?lectroniques$xPe?riodiques 606 $aIndustries e?lectriques$xPe?riodiques 606 $aAppareils e?lectriques$vPe?riodiques 606 $aIndustries e?lectroniques$vPe?riodiques 606 $aIndustries e?lectriques$vPe?riodiques 606 $aElectric apparatus and appliances$2fast$3(OCoLC)fst00904405 606 $aElectric industries$2fast$3(OCoLC)fst00904915 606 $aElectronic apparatus and appliances$2fast$3(OCoLC)fst00906772 606 $aElectronic industries$2fast$3(OCoLC)fst00907240 606 $aElektronik$2gnd 606 $aFertigungstechnik$2gnd 606 $aZeitschrift$2gnd 606 $aWerkstoff$2gnd 606 $aElektrotechnik$2gnd 606 $aElektronisches Bauelement$2gnd 608 $aPeriodicals.$2fast 608 $aPeriodicals.$2lcgft 615 0$aElectronic apparatus and appliances 615 0$aElectric apparatus and appliances 615 0$aElectronic industries 615 0$aElectric industries 615 6$aAppareils e?lectroniques$xPe?riodiques. 615 6$aAppareils e?lectriques$xPe?riodiques. 615 6$aIndustries e?lectroniques$xPe?riodiques. 615 6$aIndustries e?lectriques$xPe?riodiques. 615 6$aAppareils e?lectriques 615 6$aIndustries e?lectroniques 615 6$aIndustries e?lectriques 615 7$aElectric apparatus and appliances. 615 7$aElectric industries. 615 7$aElectronic apparatus and appliances. 615 7$aElectronic industries. 615 7$aElektronik 615 7$aFertigungstechnik 615 7$aZeitschrift. 615 7$aWerkstoff 615 7$aElektrotechnik 615 7$aElektronisches Bauelement 676 $a621.3 712 02$aInstitute of Electrical and Electronics Engineers 712 02$aComponents, Packaging & Manufacturing Technology Society, 801 0$bNTD 801 1$bNTD 801 2$bOCLCQ 801 2$bNSD 801 2$bOCLCS 801 2$bU9S 801 2$bOCLCQ 801 2$bHNK 801 2$bUKMGB 801 2$bDLC 801 2$bOCLCQ 801 2$bUMC 801 2$bOCLCO 801 2$bOCLCF 801 2$bOCLCO 801 2$bOCLCQ 801 2$bDEFHM 801 2$bOCLCO 801 2$bOCLCA 801 2$bAU@ 801 2$bNJT 801 2$bOCLCA 801 2$bOCLCO 801 2$bOCLCQ 801 2$bU3W 801 2$bOCLCQ 801 2$bOCLCL 801 2$bOCLCQ 906 $aJOURNAL 912 $a9910626140703321 996 $aIEEE transactions on components and packaging technologies$92425722 997 $aUNINA